000 00942cab a2200265 4500
001 WB3521-31
008 090401t1999 xxu||||| |||| 00| 0 eng d
035 _a(Sirsi) u93766
041 _aeng
245 _aStructural overhaul
260 _c1999
350 _a0
490 _aRICS Press Release
_v(pr203) 4 June 1999
490 _aEstates Gazette
_v(9925) 5 June 1999, 49 (5)
520 _aThe RICS has published proposals to change the existing member structure. Plans include replacing the existing Divisions with a greater number of specialist faculties and the creation of regional boards each led by a director with executive responsibility. Details.
650 _aAGENDA FOR CHANGE
650 _aDIVISIONAL SERVICES
650 _aFACULTIES
650 _aMEMBERS SERVICES
650 _aMEMBERS
650 _aRICS
690 _aMANAGEMENT-BUSINESS MANAGEMENT-PROFESSIONAL PRACTICE
942 _n0
948 _c03/06/1999
999 _c59434
_d59434